<?xml version="1.0" encoding="UTF-8"?>
<record
    xmlns:xsi="http://www.w3.org/2001/XMLSchema-instance"
    xsi:schemaLocation="http://www.loc.gov/MARC21/slim http://www.loc.gov/standards/marcxml/schema/MARC21slim.xsd"
    xmlns="http://www.loc.gov/MARC21/slim">

  <leader>00988nam a2200229 i 4500</leader>
  <controlfield tag="001">55982</controlfield>
  <controlfield tag="003">ES-MaACL</controlfield>
  <controlfield tag="005">20240111173949.0</controlfield>
  <controlfield tag="007">t|</controlfield>
  <controlfield tag="008">031001s1949    sp           ||||1| spa d</controlfield>
  <datafield tag="100" ind1="1" ind2=" ">
    <subfield code="a">D&#xED;az L&#xF3;pez, Nazario.</subfield>
    <subfield code="9">44331</subfield>
  </datafield>
  <datafield tag="245" ind1="1" ind2="0">
    <subfield code="a">An&#xE1;lisis elemental y comparado de legislaci&#xF3;n farmac&#xE9;utica nacional y extranjera / </subfield>
    <subfield code="c">discurso le&#xED;do por Nazario D&#xED;az L&#xF3;pez en la solemne sesi&#xF3;n celebrada el d&#xED;a 23 de abril de 1949 para su ingreso en la Real Academia de Farmacia ; y contestaci&#xF3;n por Fernando Hergueta Vidal.</subfield>
  </datafield>
  <datafield tag="260" ind1=" " ind2=" ">
    <subfield code="a">Madrid : </subfield>
    <subfield code="b">[s.n.], </subfield>
    <subfield code="c">1949 (</subfield>
    <subfield code="f">Gr&#xE1;f. Valera)</subfield>
  </datafield>
  <datafield tag="300" ind1=" " ind2=" ">
    <subfield code="a">106 p. ; </subfield>
    <subfield code="c">25 cm.</subfield>
  </datafield>
  <datafield tag="594" ind1=" " ind2=" ">
    <subfield code="a">Precede al t&#xED;t.: Instituto de Espa&#xF1;a. Real Academia de Farmacia.</subfield>
  </datafield>
  <datafield tag="650" ind1=" " ind2="7">
    <subfield code="a">Farmacia-</subfield>
    <subfield code="x">Derecho</subfield>
    <subfield code="2"></subfield>
    <subfield code="9">172581</subfield>
  </datafield>
  <datafield tag="650" ind1=" " ind2="7">
    <subfield code="a">Farmacia-</subfield>
    <subfield code="x">Derecho</subfield>
    <subfield code="2"></subfield>
    <subfield code="9">172581</subfield>
  </datafield>
  <datafield tag="700" ind1="1" ind2=" ">
    <subfield code="a">Hergueta Vidal, Fernando.</subfield>
    <subfield code="9">62713</subfield>
  </datafield>
  <datafield tag="710" ind1="0" ind2=" ">
    <subfield code="a">Real Academia de Farmacia (Espa&#xF1;a)</subfield>
    <subfield code="9">6307</subfield>
  </datafield>
  <datafield tag="852" ind1=" " ind2=" ">
    <subfield code="a">ES-MaACL</subfield>
    <subfield code="j">1893-F-13</subfield>
  </datafield>
  <datafield tag="999" ind1=" " ind2=" ">
    <subfield code="c">55982</subfield>
    <subfield code="d">55982</subfield>
  </datafield>
  <datafield tag="952" ind1=" " ind2=" ">
    <subfield code="0">0</subfield>
    <subfield code="1">0</subfield>
    <subfield code="4">0</subfield>
    <subfield code="7">0</subfield>
    <subfield code="8">Colecci&#xF3;n_de_folletos</subfield>
    <subfield code="a">ATENEOM</subfield>
    <subfield code="b">ATENEOM</subfield>
    <subfield code="c">DEPOF</subfield>
    <subfield code="d">2008-01-17</subfield>
    <subfield code="e">SC</subfield>
    <subfield code="l">0</subfield>
    <subfield code="o">1893-F-13</subfield>
    <subfield code="p">1058804</subfield>
    <subfield code="r">2023-02-23 00:00:00</subfield>
    <subfield code="w">2023-02-23</subfield>
    <subfield code="y">FOLLETOS</subfield>
  </datafield>
</record>
